000 01185nam a2200265 4500
001 0000020712
003 CO-CtgCURN
005 20250826223708.0
008 160627s2001 000 0 eng d
020 _a848406915X
040 _aCO-CtgCURN
_bspa
_ccoctgcurn
082 0 _a343.04
_bH87d
100 1 _aHurtado González, Juan Francisco.
245 1 3 _aEl deber de colaborar con la Administración trubutaria facilitando informacion sobre terceros /
_cJuan Francisco Hurtado González.
260 _aMadrid :
_bEditorial Lex Nova,
_c2001.
300 _a388 p.
336 _2rdacontent
337 _2rdamedia
_asin mediacion
_bn
338 _2rdacarrier
_avolumen
_bnc
505 8 _aEl deber de informar sobre terceros como presentacion a favor de la hacienda publica.--Las actuaciones administrativas de obtencion de informacion.--El suministro de informacion.--Limites impuestos al deber de informar sobre terceros.--Consecuencias del incumplimiento del deber de facilitar infomacion sobre terceros
650 0 _aEstatuto tributario.
908 _a160627
942 _cBK
_h343.04
_iH87d
_2ddc
999 _c49647
_d49647
_x1